000 00404nam a2200157Ia 4500
005 20250411070124.0
008 240331s9999 xx 000 0 und d
020 _a9559564617
082 _a891
_bEMB
100 _aKurukulasuriya,K
245 0 _aEbilipitiye mineemaruwo
260 _aBattaramulla
_bAnura Horace
_c1994
300 _aXi, 104 p .,
500 _aA book about Embilipity Murders
942 _cL
999 _c4848
_d4848